00549nam a22001937a 450000500170000001000130001702000270003003500130005703700160007004000120008608200130009824500630011126000340017427000120020830000310022065000350025165000460028670000230033220170124110218.0 aB-064102B c$ 16.99a9780141008714 aB-064102 bCen Lib/Ret aDPLbEN a030bPEA aPears cyclopedia, 2002-2003 /cedited by Christopher Cook  aLondon bPenguin Books c2002 bLondon  avarious pagings c21cm(Hb) aEncyclopedias and dictionaries aChildren's encyclopedias and dictionaries aCook, Christopher